000 00666nam a2200193 i 4500
001 185504
003 SpMaBN
005 20260505130333.0
008 160614s2014 sp a |||| | spa d
020 _a978-84-9838-149-8
080 _a087.5:82
100 _aSaint-Exupéry, Antoine de,
_d1900-1944
_9239169
245 1 3 _aEl principito /
_cAntoine de Saint-Exupéry ; con las acuarelas originales del autor ; [traducción, Bonifacio del Carril].
260 _aBarcelona :
_bSalamandra,
_c[2014]
300 _a95 p. :
_bil. col. ;
_c18 cm.
700 1 _aCarril, Bonifacio del.
_935748
852 _aES-MaACL
_jL-30392
999 _c185504
_d185504